00398nam a2200145Ia 4500008004100000020001500041041001200056082001600068100001700084245006900101260003500170300000800205650001900213700002000232221030s9999 xx 000 0 und d a8121908205 aEnglish a105.23bKan aP. Kandasamy 0aEngineering Mathematics Vol. Icby P. Kandasamy, K. Thilagavathy bS. Chand & CoaNew Delhic2001 a836 aBE Mathematics aK. Thilagavathy